Financial management / (Record no. 345104)
[ view plain ]
| 000 -LEADER | |
|---|---|
| fixed length control field | 00588 a2200181 4500 |
| 020 ## - INTERNATIONAL STANDARD BOOK NUMBER | |
| International Standard Book Number | 812590638X |
| 020 ## - INTERNATIONAL STANDARD BOOK NUMBER | |
| International Standard Book Number | 9788125906384 |
| 090 ## - LOCALLY ASSIGNED LC-TYPE CALL NUMBER (OCLC); LOCAL CALL NUMBER (RLIN) | |
| -- | 2611 |
| -- | 2611 |
| 100 1# - MAIN ENTRY--PERSONAL NAME | |
| Personal name | Pandey, I.M. |
| 245 10 - TITLE STATEMENT | |
| Title | Financial management / |
| Statement of responsibility, etc. | I.M. Pandey. |
| 250 ## - EDITION STATEMENT | |
| Edition statement | 8th ed. |
| 260 ## - PUBLICATION, DISTRIBUTION, ETC. | |
| Place of publication, distribution, etc. | [S.l.] : |
| Name of publisher, distributor, etc. | Sangam Books Ltd, |
| Date of publication, distribution, etc. | 1999. |
| 300 ## - PHYSICAL DESCRIPTION | |
| Extent | 1250 p. ; |
| Dimensions | 28 cm. |
| 500 ## - GENERAL NOTE | |
| General note | Paperback. |
| 856 40 - ELECTRONIC LOCATION AND ACCESS | |
| Materials specified | Amazon.com |
| Uniform Resource Identifier | <a href="http://www.amazon.com/exec/obidos/ASIN/812590638X/chopaconline-20">http://www.amazon.com/exec/obidos/ASIN/812590638X/chopaconline-20</a> |
| 856 40 - ELECTRONIC LOCATION AND ACCESS | |
| Materials specified | Amazon customer reviews |
| Uniform Resource Identifier | <a href="http://www.chopac.org/cgi-bin/tools/azrev.pl?q=812590638X">http://www.chopac.org/cgi-bin/tools/azrev.pl?q=812590638X</a> |
| 942 ## - ADDED ENTRY ELEMENTS (KOHA) | |
| Institution code [OBSOLETE] | NBS |
| Koha item type | Book |
| Call number prefix | 658.15 PAN |
| Withdrawn status | Lost status | Damaged status | Not for loan | Permanent Location | Current Location | Date acquired | Total Checkouts | Full call number | Barcode | Date last seen | Price effective from | Koha item type | Source of classification or shelving scheme | Public note |
|---|---|---|---|---|---|---|---|---|---|---|---|---|---|---|
| Central Library (CL) | Central Library (CL) | 08/28/2013 | 658.15 PAN | NBS2373 | 08/28/2013 | 08/28/2013 | Book | |||||||
| Central Library (CL) | Central Library (CL) | 08/28/2013 | 658.15 PAN | NBS5690 | 08/28/2013 | 08/28/2013 | Book | |||||||
| Write Off | Central Library (CL) | Central Library (CL) | 02/17/2021 | 658.15 PAN | NBS5689 | 02/17/2021 | 02/17/2021 | Book | Write off File No.0908/IRC/NBS Dated Aug 16, 2018 |
